000 00724nam a2200217Ia 4500
003 GCL
008 140319s9999 xx 000 0 ara d
040 _aGCL /
_cGCL
082 0 4 _a811.6
_bم ا
100 1 _aمحمد اليعلاوى
_vArranger
_@
…رتب
245 1 0 _aابن هانىء المغربى الاندلسى شاعر الدولة الفاطمية /
_cمحمد اليعلاوى
260 _a[S.N] :
_bدار الغرب الاسلامى ،
_c1985
300 _a404 ص
490 _a
650 0 4 _aالشعر العربى
650 0 4 _aالادب العربى
650 0 4 _aالادب العربى - المغرب
650 0 4 _aالاندلس
650 0 4 _aتاريخ ونقد
942 _2ddc
_cBK
999 _c57453
_d57453